[Event "BRA-ch U18 Girls"]
[Site "Itajai"]
[Date "2017.06.03"]
[Round "4"]
[White "Policarpo, Nicoli"]
[Black "Da Fonseca, Jamilly Ferreira"]
[Result "1-0"]
[WhiteElo "1519"]
[BlackElo "1322"]
[PlyCount "89"]
[EventDate "2017.06.01"]
[EventType "swiss"]
[EventRounds "6"]
[EventCountry "BRA"]
[SourceTitle "CBM 179 Extra"]
[Source "ChessBase"]
[SourceDate "2017.08.23"]
[SourceVersion "1"]
[SourceVersionDate "2017.08.23"]
[SourceQuality "1"]

1. d4 Nf6 2. Nf3 Nc6 3. Bf4 d5 4. h3 e6 5. e3 g6 6. Be2 Bg7 7. 0-0 0-0 8. c3 a6 9. Nbd2 Nh5 10. Bh2 b6 11. e4 Re8 12. exd5 exd5 13. Bd3 Bb7 14. Re1 Qd7 15. Rxe8+ Rxe8 16. Qf1 b5 17. Re1 Ne7 18. Nb3 g5 19. Nxg5 f5 20. Nc5 Qc6 21. Nxb7 Qxb7 22. Bxf5 Kh8 23. Qd3 Nf6 24. Bd7 Qb8 25. Bxe8 Qxe8 26. Bxc7 Qd7 27. Be5 Neg8 28. Qf3 h6 29. Bxf6 Bxf6 30. Ne6 Qf7 31. Qg3 Be7 32. Qc7 Qh7 33. Nd8 Qc2 34. Qe5+ Bf6 35. Qxd5 Qd2 36. Nf7+ Kh7 37. Qf5+ Kg7 38. Qe6 Bh4 39. g3 Bf6 40. Re2 Qc1+ 41. Kg2 Ne7 42. Nd6 Qg5 43. Qf7+ Kh8 44. Qf8+ Ng8 45. Nf7+ 1-0

[Event "Catarinense-ch (Women)"]
[Site "Blumenau"]
[Date "2017.05.20"]
[Round "3"]
[White "Policarpo, Nicoli"]
[Black "Da Silva, Ana Caroline"]
[Result "1/2-1/2"]
[WhiteElo "1536"]
[BlackElo "1173"]
[PlyCount "58"]
[EventDate "2017.05.19"]
[EventType "swiss"]
[EventRounds "6"]
[EventCountry "BRA"]
[SourceTitle "CBM 178 Extra"]
[Source "ChessBase"]
[SourceDate "2017.06.22"]
[SourceVersion "1"]
[SourceVersionDate "2017.06.22"]
[SourceQuality "1"]

1. d4 d5 2. Bf4 Nf6 3. Nf3 Bf5 4. h3 e6 5. e3 h6 6. Be2 Bd6 7. Bxd6 cxd6 8. 0-0 Nc6 9. c4 Rc8 10. Nc3 dxc4 11. Bxc4 Qb6 12. Qd2 0-0 13. Rac1 e5 14. Nd5 Nxd5 15. Bxd5 e4 16. Nh2 Nb4 17. Bb3 Nd3 18. Rc3 Rfd8 19. f3 d5 20. fxe4 Bxe4 21. Rxc8 Rxc8 22. Ng4 Qd6 23. Nf2 Qg6 24. Nxe4 Qxe4 25. Bc2 Rxc2 26. Qxc2 Qxe3+ 27. Kh2 Qxd4 28. Qc8+ Kh7 29. Qf5+ Kh8 1/2-1/2

[Event "BRA-ch U18 Girls"]
[Site "Itajai"]
[Date "2016.06.11"]
[Round "4"]
[White "Policarpo, Nicoli"]
[Black "Bartmeyer, Beatriz"]
[Result "1/2-1/2"]
[WhiteElo "1512"]
[BlackElo "1531"]
[PlyCount "95"]
[EventDate "2016.06.09"]
[EventType "swiss"]
[EventRounds "6"]
[EventCountry "BRA"]
[SourceTitle "CBM 172 Extra"]
[Source "ChessBase"]
[SourceDate "2016.06.21"]
[SourceVersion "1"]
[SourceVersionDate "2016.06.21"]
[SourceQuality "1"]

1. d4 g6 2. Bf4 d5 3. Nf3 Nf6 4. e3 Nc6 5. h3 Bg7 6. Be2 0-0 7. 0-0 Bf5 8. c3 Re8 9. Nbd2 Ne4 10. Rc1 e5 11. dxe5 Nxe5 12. Nxe5 Bxe5 13. Bxe5 Rxe5 14. Nf3 Re8 15. Kh1 c6 16. Qd4 Qf6 17. Qxf6 Nxf6 18. Nd4 Be6 19. Rfd1 Rad8 20. Nf3 Ne4 21. Kg1 h5 22. Bd3 Bf5 23. Nd4 Kg7 24. Nxf5+ gxf5 25. f3 Nd6 26. Kf2 Kh6 27. Bf1 Nc4 28. Bxc4 dxc4 29. Rxd8 Rxd8 30. Ke2 Kg5 31. f4+ Kf6 32. Rg1 Rg8 33. Kf3 a5 34. a4 b5 35. axb5 cxb5 36. Rd1 Ke6 37. Rd4 h4 38. Kf2 Rg6 39. e4 fxe4 40. Rxe4+ Kd5 41. Re5+ Kc6 42. Kf3 Rg3+ 43. Kf2 Rd3 44. Ke2 Rd5 45. Re7 Rd7 46. Re8 b4 47. Re5 Rd5 48. Re7 1/2-1/2

[Event "BRA-ch U18 Girls"]
[Site "Itajai"]
[Date "2016.06.10"]
[Round "2"]
[White "Dos Anjos, Diovana Ferreira"]
[Black "Policarpo, Nicoli"]
[Result "0-1"]
[WhiteElo "1601"]
[BlackElo "1512"]
[PlyCount "34"]
[EventDate "2016.06.09"]
[EventType "swiss"]
[EventRounds "6"]
[EventCountry "BRA"]
[SourceTitle "CBM 172 Extra"]
[Source "ChessBase"]
[SourceDate "2016.06.21"]
[SourceVersion "1"]
[SourceVersionDate "2016.06.21"]
[SourceQuality "1"]

1. b4 d5 2. Bb2 Bf5 3. e3 e6 4. Nf3 Nf6 5. a3 Be7 6. c4 c6 7. Be2 Nbd7 8. 0-0 0-0 9. h3 h6 10. d4 Rc8 11. Nbd2 Bd6 12. c5 Bb8 13. Rc1 Qc7 14. a4 Ne4 15. g4 Nxd2 16. Qxd2 Be4 17. Kg2 Qh2# 0-1

[Event "Curitiba Sul Regional-ch"]
[Site "Curitiba"]
[Date "2015.07.11"]
[Round "3"]
[White "Weise, William Ferreira"]
[Black "Policarpo, Nicoli"]
[Result "1-0"]
[WhiteElo "1771"]
[BlackElo "1473"]
[PlyCount "59"]
[EventDate "2015.07.10"]
[EventType "swiss"]
[EventRounds "6"]
[EventCountry "BRA"]
[SourceTitle "EXT 2017"]
[Source "ChessBase"]
[SourceDate "2016.10.25"]
[SourceVersion "1"]
[SourceVersionDate "2016.10.25"]
[SourceQuality "1"]

1. e4 e6 2. d4 d5 3. Nd2 Nf6 4. e5 Nfd7 5. Bd3 c5 6. c3 Nc6 7. Ne2 Qb6 8. Nf3 Be7 9. 0-0 a5 10. Re1 Qc7 11. Ng3 b6 12. Bg5 Ba6 13. Bxa6 Rxa6 14. Bxe7 Nxe7 15. Nh4 Ng6 16. Nf3 0-0 17. Ng5 h6 18. Nxe6 fxe6 19. Qd3 Raa8 20. Qxg6 Rae8 21. Nh5 Rf7 22. Re3 Nf8 23. Qg4 Nh7 24. Rg3 Ree7 25. Qg6 Ng5 26. h4 Ne4 27. Nf6+ Kf8 28. Qh7 Rxf6 29. Qh8+ Kf7 30. Rxg7# 1-0

[Event "Curitiba Sul Regional-ch"]
[Site "Curitiba"]
[Date "2015.07.10"]
[Round "2"]
[White "Policarpo, Nicoli"]
[Black "Lorensetti, Jesse Emanoel"]
[Result "1/2-1/2"]
[WhiteElo "1473"]
[BlackElo "1778"]
[PlyCount "114"]
[EventDate "2015.07.10"]
[EventType "swiss"]
[EventRounds "6"]
[EventCountry "BRA"]
[SourceTitle "EXT 2017"]
[Source "ChessBase"]
[SourceDate "2016.10.25"]
[SourceVersion "1"]
[SourceVersionDate "2016.10.25"]
[SourceQuality "1"]

1. d4 g6 2. Nf3 Bg7 3. Bf4 d6 4. e3 Nd7 5. Bd3 Ngf6 6. h3 0-0 7. 0-0 Re8 8. Be2 e5 9. dxe5 dxe5 10. Nxe5 Qe7 11. Nxd7 Nxd7 12. c3 c6 13. Nd2 g5 14. Bh2 f5 15. Qb3+ Kh8 16. Rad1 f4 17. Nc4 fxe3 18. Nxe3 Be5 19. Bxe5+ Qxe5 20. Bh5 Rf8 21. Ng4 Qg7 22. Rfe1 Nf6 23. Nxf6 Qxf6 24. Rd2 b6 25. Qb4 Be6 26. a3 Rad8 27. Ree2 Bf5 28. Rxd8 Rxd8 29. Qe7 Rd1+ 30. Kh2 Qxe7 31. Rxe7 Rd2 32. Rxa7 Rxb2 33. Bf3 c5 34. Kg3 Rb3 35. c4 Be6 36. a4 Bxc4 37. Kg4 Rd3 38. Kxg5 Rd6 39. a5 Rg6+ 40. Kf5 bxa5 41. Rxa5 Bf1 42. Rxc5 Bxg2 43. Rc8+ Kg7 44. Rc7+ Kh6 45. Bxg2 Rxg2 46. f3 Rg1 47. Kf4 Kg6 48. Rc8 Rh1 49. Kg3 Rg1+ 50. Kh2 Rb1 51. Rg8+ Kf7 52. Rg4 Rb3 53. Kg2 Kf6 54. Kf2 h5 55. Rf4+ Kg5 56. Rd4 h4 57. Rg4+ Kh5 1/2-1/2

[Event "Santa Catarina State-ch sf1 61st"]
[Site "Sao Bento do Sul"]
[Date "2015.03.08"]
[Round "6"]
[White "Basilio, Osnir Jose De Melo"]
[Black "Policarpo, Nicoli"]
[Result "1-0"]
[WhiteElo "1710"]
[BlackElo "1482"]
[PlyCount "63"]
[EventDate "2015.03.06"]
[EventType "swiss"]
[EventRounds "6"]
[EventCountry "BRA"]
[SourceTitle "EXT 2016"]
[Source "ChessBase"]
[SourceDate "2015.10.08"]
[SourceVersion "1"]
[SourceVersionDate "2015.10.08"]
[SourceQuality "1"]

1. Nf3 Nf6 2. d4 g6 3. c4 d6 4. Nc3 Bg7 5. e4 0-0 6. Be2 Nbd7 7. 0-0 c5 8. h3 cxd4 9. Nxd4 a6 10. Qc2 Qc7 11. Be3 e6 12. f4 b6 13. Bf3 Bb7 14. Rad1 Rfd8 15. Nb3 Rac8 16. Qf2 Nc5 17. Nxc5 dxc5 18. Qe2 Rxd1 19. Rxd1 Rd8 20. Rd2 Rxd2 21. Qxd2 Qd7 22. e5 Qxd2 23. Bxd2 Bxf3 24. exf6 Bxf6 25. gxf3 Kf8 26. b3 Ke8 27. Na4 Bd8 28. Bc3 Kd7 29. Kf2 Kc6 30. Nb2 b5 31. Nd3 f6 32. Ke3 1-0

[Event "BRA-ch U20 Girls"]
[Site "Blumenau"]
[Date "2014.12.12"]
[Round "3"]
[White "Blau, Emily Camile"]
[Black "Policarpo, Nicoli"]
[Result "0-1"]
[WhiteElo "1776"]
[BlackElo "1669"]
[PlyCount "38"]
[EventDate "2014.12.11"]
[EventType "swiss"]
[EventRounds "7"]
[EventCountry "BRA"]
[SourceTitle "EXT 2016"]
[Source "ChessBase"]
[SourceDate "2015.10.08"]
[SourceVersion "1"]
[SourceVersionDate "2015.10.08"]
[SourceQuality "1"]

1. d4 Nf6 2. e3 d6 3. Bb5+ Bd7 4. Bxd7+ Nbxd7 5. Nf3 g6 6. 0-0 Bg7 7. Re1 0-0 8. Nc3 c5 9. h3 a6 10. Ng5 h6 11. Nge4 Kh7 12. Nxf6+ Nxf6 13. dxc5 dxc5 14. Qxd8 Rfxd8 15. e4 e6 16. e5 Nd5 17. Nxd5 Rxd5 18. Re4 Bxe5 19. Rh4 Rd1# 0-1

[Event "BRA-ch (Women)"]
[Site "Blumenau"]
[Date "2014.06.01"]
[Round "6"]
[White "Policarpo, Nicoli"]
[Black "Librelato, Ana Julia Goulart"]
[Result "0-1"]
[WhiteElo "1676"]
[BlackElo "1822"]
[PlyCount "95"]
[EventDate "2014.05.29"]
[EventType "swiss"]
[EventRounds "7"]
[EventCountry "BRA"]
[SourceTitle "EXT 2015"]
[Source "ChessBase"]
[SourceDate "2014.11.20"]
[SourceVersion "1"]
[SourceVersionDate "2014.11.20"]
[SourceQuality "1"]

1. d4 Nf6 2. Nf3 g6 3. Bf4 Bg7 4. e3 0-0 5. Be2 d6 6. h3 Nfd7 7. 0-0 e5 8. dxe5 dxe5 9. Bh2 b6 10. c3 Bb7 11. Nbd2 c5 12. Nc4 Qe7 13. Nd6 Bc6 14. Bb5 Bxb5 15. Nxb5 Na6 16. Qd6 Qxd6 17. Nxd6 Nc7 18. Rfd1 f6 19. Rd2 Nb8 20. Rad1 Nc6 21. Ne1 Ne8 22. Nxe8 Rfxe8 23. Nc2 Rad8 24. Rxd8 Rxd8 25. Rxd8+ Nxd8 26. Na3 a6 27. Nc4 b5 28. Na3 Nc6 29. Nc2 Kf7 30. Kf1 Ke6 31. Ke1 Kd5 32. f3 f5 33. g4 a5 34. Bg1 b4 35. e4+ fxe4 36. fxe4+ Kxe4 37. Bxc5 bxc3 38. bxc3 Kf4 39. Kf2 Bf6 40. Be3+ Ke4 41. Ke2 Be7 42. Na1 a4 43. Nc2 Nd8 44. Ne1 Ne6 45. Ng2 Ba3 46. Kd2 Kf3 47. Ne1+ Kg3 48. Kd3 0-1

[Event "BRA-ch (Women)"]
[Site "Blumenau"]
[Date "2014.05.30"]
[Round "2"]
[White "Policarpo, Nicoli"]
[Black "Martins, Fernanda Ribeiro"]
[Result "1/2-1/2"]
[WhiteElo "1676"]
[BlackElo "1852"]
[PlyCount "63"]
[EventDate "2014.05.29"]
[EventType "swiss"]
[EventRounds "7"]
[EventCountry "BRA"]
[SourceTitle "EXT 2015"]
[Source "ChessBase"]
[SourceDate "2014.11.20"]
[SourceVersion "1"]
[SourceVersionDate "2014.11.20"]
[SourceQuality "1"]

1. d4 Nf6 2. Nf3 g6 3. Bf4 Bg7 4. e3 0-0 5. Bd3 d6 6. Nbd2 Nbd7 7. c3 c5 8. 0-0 Qc7 9. Bg3 a6 10. Rc1 b5 11. dxc5 Nxc5 12. Bb1 Bb7 13. b4 Ncd7 14. Bd3 Rac8 15. c4 bxc4 16. Rxc4 Qb6 17. Qb1 Rxc4 18. Bxc4 Rc8 19. Rc1 d5 20. Be2 Rxc1+ 21. Qxc1 Qxb4 22. Nb3 Qb6 23. Bh4 Nf8 24. Bxf6 Bxf6 25. Qc5 Qd8 26. Nfd4 Bxd4 27. Nxd4 e6 28. Qa3 Qb6 29. Qb3 Qc7 30. Qa3 Qb6 31. Qb3 Qc7 32. Qa3 1/2-1/2